Śląska geneza gotyckiej katedry gnieźnieńskiej
| Titel: | Śląska geneza gotyckiej katedry gnieźnieńskiej / Jakub Adamski |
|---|---|
| Verfasser: | |
| In: |
Rocznik historii sztuki, alle Artikel anzeigen |
| Veröffentlicht: | 2014 |
| Umfang: | Ill. |
| Format: | Aufsatz |
| Sprache: | Polnisch | Vorliegende Ausgabe: | Online-Ausg. Heidelberg: Universitätsbibliothek Heidelberg, 2017. - Online-Ressource. |
X
alg: 47263477 001A $06055:21-11-20 001B $03025:30-04-24 $t10:40:43.000 001D $06055:21-11-20 001U $0utf8 001X $00 002@ $0Oox 002C $aText $btxt $2rdacontent 002D $aComputermedien $bc $2rdamedia 002E $aOnline-Ressource $bcr $2rdacarrier 003@ $0472634771 004P $010.11588/diglit.29589.15 $SV98 004U $0urn:nbn:de:bsz:16-diglit-295891 $SV98 007A $0472634771 $aHEB 007I $0HHB-469328487 007I $0HHB-1539328481 009Q $SV98 $uhttp://digi.ub.uni-heidelberg.de/diglit/rhs2014/0163 $xH 010@ $apol 011@ $a2014 011B $a2017 021A $aŚląska geneza gotyckiej katedry gnieźnieńskiej $hJakub Adamski 027A $aSilesian origins of the gothic cathedral in Gniezno 028A $71142804690 $8Adamski, Jakub$Z1985- [Tp1] $9419534547 033N $pHeidelberg $nUniversitätsbibliothek Heidelberg 033Q $aOnline-Ressource 034M $aIll. 037A $aEngl. Zsfassung. u.d.T.: Silesian origins of the gothic cathedral in Gniezno, S. 175 im selben Heft 037A $aEnthalten in: 39(2014), Seite [157]-175 037G $aOnline-Ausg. 039B $aIn $8--Obvc--. Rocznik historii sztuki. - Warszawa : Polska Akademia Nauk, 1956-. - Online-Ressource. - ISSN 2720-2933. - DOI 10.11588/diglit.12451. - urn:nbn:de:bsz:16-diglit-124512 $9290997941 044K $RGniezno $#Dom Gnesen Gniezno $#Mariä-Himmelfahrts-Kathedrale Gnesen Gniezno $#Katedra Wniebowzie̜cia Najświe̜tszej Panny Marii Gniezno $74377996-7 $8Dom Gniezno$gGniezno [Tg1] $9088382761 045G $a709.438 $eDDC23BSB 045G/01 $a709 045G/03 $g438 045G/03 $g4385 045G/03 $g43849 045T $a9,10 lok: 47263477 3 exp: 47263477 3 1 #EPN 201B/01 $021-11-20 $t22:22:34.058 201C/01 $021-11-20 201U/01 $0utf8 203@/01 $01130993426 204P/01 $010.11588/diglit.29589.15 $SV98 208@/01 $a21-11-20 $bl lok: 47263477 78 exp: 47263477 78 1 #EPN 201B/01 $030-04-24 $t10:40:03.000 201C/01 $030-04-24 201U/01 $0utf8 203@/01 $01261998332 208@/01 $a30-04-24 $be 209A/01 $a/ $f000 $x00 209A/01 $ab*p $x01 220C/01 $aeja 244Z/01 $#Generalgouvernement Polen $#Polska $#Rzeczpospolita Polska $#Polska Rzeczpospolita Ludowa $#Poland $#Pologne $#République Polonaise $#Generalne Gubernatorstwo w Polsce $#Polish People's Republic $#Polska Rzeczpospolita Polen $#PRL $#RP $#Polen Generalgouvernement $#Polska Generalgouvernement $#Besetzte Polnische Gebiete $#Besetztes Gebiet in Polen $#Okupowane Polskie Obszary $#Obszary Okupowane w Polsce $#Volksrepublik Polen $#Polska Rosyjska $#Republic Polen $#Respublika Pol'ša $#Pol'skaja Narodnaja Respublika $#République de Pologne $#Polen Links der Weichsel $#Polska po Lewej Stronie Wisły $#Lenkija $#Polija $#Gubernija Carstva Pol'skago $#Republik Polen $74046496-9 $8--Tg1--Polen $x01 $9085129801 244Z/01 $#Schlesien $#Schlesien $#Herzogtum Schlesien $#Herzogtum Schlesien Schlesien $#Provinz Schlesien $#Śla̜sk $#Slezsko $#Silesia $74052678-1 $8--Tg1--Schlesien $x02 $9085146781 247C/01 $82080>Marburg/Lahn, Herder-Institut, Forschungsbibliothek, Bibliographieportal $9336309341
| LEADER | 00000caa a22000002c 4500 | ||
|---|---|---|---|
| 001 | 472634771 | ||
| 003 | DE-603 | ||
| 005 | 20240430104043.0 | ||
| 007 | cr|||||||||||| | ||
| 008 | 201121s2014 xx |||| o| u00||u|pol c | ||
| 024 | 7 | |a 10.11588/diglit.29589.15 |2 doi | |
| 024 | 7 | |a urn:nbn:de:bsz:16-diglit-295891 |2 urn | |
| 035 | |a (DE-599)HEB472634771 | ||
| 040 | |a DE-603 |b ger |c DE-603 |d DE-603 | ||
| 041 | |a pol | ||
| 083 | 0 | |8 1\u |a 709.438 |q DE-101 |2 23/BSB | |
| 084 | |a 9,10 |2 ssgn | ||
| 085 | |8 1\u |b 709 | ||
| 085 | |8 1\u |z 2 |s 438 | ||
| 085 | |8 1\u |z 2 |s 4385 | ||
| 085 | |8 1\u |z 2 |s 43849 | ||
| 100 | 1 | |a Adamski, Jakub |d 1985- |0 (DE-603)419534547 |0 (DE-588)1142804690 |2 gnd | |
| 245 | 0 | 0 | |a Śląska geneza gotyckiej katedry gnieźnieńskiej |c Jakub Adamski |
| 246 | 1 | 3 | |a Silesian origins of the gothic cathedral in Gniezno |
| 264 | 0 | |c 2014 | |
| 300 | |b Ill. | ||
| 336 | |a Text |b txt |2 rdacontent | ||
| 337 | |a Computermedien |b c |2 rdamedia | ||
| 338 | |a Online-Ressource |b cr |2 rdacarrier | ||
| 500 | |a Engl. Zsfassung. u.d.T.: Silesian origins of the gothic cathedral in Gniezno, S. 175 im selben Heft | ||
| 500 | |a Enthalten in: 39(2014), Seite [157]-175 | ||
| 530 | |a Online-Ausg. | ||
| 533 | |b Heidelberg |c Universitätsbibliothek Heidelberg |d 2017 |e Online-Ressource |7 s2017uuuuxx u| | ||
| 651 | 7 | |a Dom Gniezno |g Gniezno |0 (DE-588)4377996-7 |0 (DE-603)088382761 |2 gnd | |
| 773 | 0 | 8 | |i In |t Rocznik historii sztuki |d Warszawa : Polska Akademia Nauk, 1956- |h Online-Ressource |o 10.11588/diglit.12451 |o urn:nbn:de:bsz:16-diglit-124512 |x 2720-2933 |w (DE-603)290997941 |w (DE-600)2654042-3 |
| 856 | |u http://digi.ub.uni-heidelberg.de/diglit/rhs2014/0163 |x Verlag | ||
| 924 | 1 | |9 603 |a (DE-603)1130993426 |b DE-603 |c HES |d d | |
| 924 | 1 | |9 2080 |a (DE-603)1261998332 |b DE-2080 |c HES |d d |g / | |


